CORPORATE SOCIAL RESPONSIBILITY AND SUSTAINABL (Record no. 23821)
[ view plain ]
| 000 -LEADER | |
|---|---|
| fixed length control field | 00408nam a2200145Ia 4500 |
| 008 - FIXED-LENGTH DATA ELEMENTS--GENERAL INFORMATION | |
| fixed length control field | 240624s9999 xx 000 0 und d |
| 041 ## - LANGUAGE CODE | |
| Language code of text/sound track or separate title | eng |
| 082 ## - DEWEY DECIMAL CLASSIFICATION NUMBER | |
| Classification number | 658.408 SOU |
| 100 ## - MAIN ENTRY--PERSONAL NAME | |
| Personal name | SOUNDARAPANDIAN M |
| 245 ## - TITLE STATEMENT | |
| Title | CORPORATE SOCIAL RESPONSIBILITY AND SUSTAINABL |
| 260 ## - PUBLICATION, DISTRIBUTION, ETC. | |
| Date of publication, distribution, etc. | 2014 |
| Place of publication, distribution, etc. | New Delhi |
| Name of publisher, distributor, etc. | Concept Publishing Company Pvt. Ltd. |
| 300 ## - PHYSICAL DESCRIPTION | |
| Extent | xiii, : 294 : p. : cm. ; 22 |
| 365 ## - TRADE PRICE | |
| Currency code | RS |
| Price amount | 25 |
| 440 ## - SERIES STATEMENT/ADDED ENTRY--TITLE | |
| Volume/sequential designation | 1 |
| Withdrawn status | Lost status | Damaged status | Not for loan | Home library | Current library | Shelving location | Date acquired | Source of acquisition | Cost, normal purchase price | Total Checkouts | Full call number | Barcode | Date last seen | Copy number | Price effective from | Koha item type |
|---|---|---|---|---|---|---|---|---|---|---|---|---|---|---|---|---|
| IMTN | IMTN | Rack 31-B | 11/13/2014 | WBD | 2000.00 | 658.408 SOU | 23821 | 06/24/2024 | 1 | 06/24/2024 | Books |